Lo que yo creo / Pierre Teilhard de Chardin ; traducción de Francisco Pérez Gutiérrez (Registro nro. 44446)
[ vista simple ]
| 000 -LÍDER | |
|---|---|
| Campo fijo de descripción fija | 014070000a22002410004500 |
| 020 ## - NÚMERO INTERNACIONAL NORMALIZADO PARA LIBROS | |
| Número Internacional Normalizado del libro | 84-8164-805-1 |
| 041 0# - CÓDIGO DE IDIOMA | |
| Código de idioma para texto/pista de sonido o título separado | |
| 082 04 - NÚMERO DE CLASIFICACIÓN DECIMAL DEWEY | |
| Número de clasificación | G 230.01 T263q |
| 001 - NÚMERO DE CONTROL | |
| Campo de control | 17953 |
| 100 1# - ASIENTO PRINCIPAL--NOMBRE PERSONAL | |
| Nombre personal | Teilhard de Chardin, Pierre 1881-1955 |
| 245 10 - TÍTULO | |
| Título del Material | Lo que yo creo / Pierre Teilhard de Chardin ; traducción de Francisco Pérez Gutiérrez |
| 260 ## - PUBLICACIÓN, DISTRIBUCIÓN, ETC. (PIE DE IMPRENTA) | |
| Lugar de publicación, distribución, etc. | Madrid : Trotta |
| 300 ## - DESCRIPCIÓN FÍSICA | |
| Extensión | 204 p., 23 cm |
| 336 ## - CONTENT TYPE | |
| Content type term | texto |
| Content type code | txt |
| Source | rdacontent |
| 337 ## - MEDIA TYPE | |
| Source | rdamedia |
| Media type term | sin mediación |
| Media type code | n |
| 338 ## - CARRIER TYPE | |
| Source | rdacarrier |
| Carrier type term | volumen |
| Carrier type code | nc |
| 500 ## - NOTA GENERAL | |
| Nota General | Título original en francés: comment je crois |
| 501 ## - NOTA DE “CON” | |
| Nota de Contenido | En rústico |
| 505 00 - NOTA DE CONTENIDO | |
| Nota de contenido con formato preestablecido | Notas sobre la unión física entre la humanidad de Cristo y los fieles en el curso de la santificación -- Notas sobre los modos de acción de Dios en el universo -- Caída, redención y geocentría -- Nota sobre algunas representaciones históricas posibles del pecado original -- Panteísmo y cristianismo -- Cristología y evolución -- El fenómeno cristiano -- Monogenismo y monofiletismo -- Lo que l mundo aguarda en este momento de la iglesia de Dios -- Contingencia del universo y deseo humano de sobrevivir --- Una continuación de los problemas de los orígenes humanos: la multiplicidad de los mundos habitados -- El Dios de la evolución |
| 650 14 - ASIENTO SECUNDARIO DE MATERIA - TERMINO TEMÁTICO | |
| Término temático o nombre geográfico como elemento de entrada | RELIGION \ FILOSOFIA DE LA RELIGION \ CRISTIANISMO |
| 942 ## - TIPO DE MATERIAL (KOHA) | |
| Tipo de Item KOHA | Libros General |
| Estado de Material | Estado de Perdido | Estado de Dañado | No para Préstamo | Colección | Tomo | Biblioteca de Origen | Biblioteca Permanente | Fecha de Adquisición | Total de Préstamos | Signatura Topográfica | Código de Barras | Última vez visto | Ejemplar/Existencia | Fecha de Remplazo | Tipo de Material |
|---|---|---|---|---|---|---|---|---|---|---|---|---|---|---|---|
| Colección General | Biblioteca FUSBC | Biblioteca FUSBC | 16/04/2013 | G 230.01 T263q | 17780 | 12/12/2019 | 1 | 26/01/2016 | Libros General |
